Royals: Norwegische Königsfamilie - Statistiken

Allgemein
  • Dieses Quiz wurde 35 mal gespielt
  • Das Durchschnittsergebnis liegt bei 7 aus 13
Antwortstatistiken
Bildquiz Antwort % Korrekt
Kronprinzessin {Mette}-{Marit}
94%
König {Harald}
90%
Kronprinz {Haakon}
90%
Königin {Sonja}
71%
Prinzessin {Ingrid} {Alexandra}
65%
M{arius} B{org} H{øiby}
61%
M{aud} A{ngelica} Behn
42%
Prinz {Sverre} {Magnus}
42%
Prinzessin {Märtha} {Louise}
35%
E{mma} T{allulah} Behn
32%
L{eah} I{sadora} Behn
29%
Prinzessin {Astrid}
29%
D{urek} V{errett}
19%
Keine übereinstimmenden Quizze gefunden
Verteilung der Resultate
Anzahl Personen mit jedem Resultat
Perzentil nach korrekt beantworteten Fragen
Ihre Resultats-Entwicklung
Sie haben dieses Quiz noch nicht gespielt